Statistics for Plants vs zombies 2 all plants

Click here to take the quiz!

General Stats

  • This quiz has been taken 76 times
  • The average score is 34 of 69

Answer Stats

Answer% Correct
peashooter
96%
sunflower
87%
wall-nut
79%
potato mine
77%
cherry bomb
70%
repeater
70%
cabbage-pult
68%
bonk choy
66%
iceberg lettuce
66%
bloomerang
64%
grave buster
64%
spikeweed
64%
spikerock
62%
winter melon
62%
kernel-pult
60%
melon-pult
60%
tall-nut
60%
twin sunflower
60%
coconut cannon
55%
puff-shroom
55%
snapdragon
53%
spring bean
53%
citron
51%
fume-shroom
51%
hot potato
51%
primal peashooter
51%
primal sunflower
51%
primal wall-nut
51%
sun-shroom
51%
threepeater
51%
E.M peach
49%
laser bean
49%
pea pod
49%
tangle kelp
49%
bowling bulb
47%
chili bean
47%
lily pad
47%
primal potato mine
47%
split pea
47%
blover
45%
phat beet
45%
sun bean
45%
gold leaf
43%
guacodile
43%
magnet-shroom
43%
pepper-pult
43%
red stinger
43%
A.K.E.E.
40%
dusk lobber
40%
garlic
40%
infi-nut
40%
moonflower
40%
thyme warp
40%
tile turnip
40%
grimrose
38%
perfume-shroom
38%
rotobaga
38%
chard guard
36%
shadow-shroom
36%
spore-shroom
36%
stallia
36%
endurian
34%
stunion
34%
magnifying grass
32%
nightshade
32%
intensive carrot
30%
lightning red
17%
banana laucher
11%
celeri stalker
11%

Score Distribution

Percentile by Number Answered

Percent of People with Each Score

Your Score History

You have not taken this quiz